=LDR 00000nam 2200000 4500 =001 INLIS000000000038677 =005 20130612144335 =008 ***********************************Ind** =035 ##$$0010-061300000038677 =041 ##$$a Ind =082 ##$$a 641.5 =090 ##$$a 641.5, Erw l =100 ##$$a Erwin, Lilly T =245 ##$$a Lauk lezat berbumbu teryaki, Erwin Lilly T.; Editor, Intarina Hardiman =260 ##$$a 2009 $b Jakarta =300 ##$$a 44 hlm, Ilus, 18 cm =650 ##$$a Masakan =700 ##$$a Hardiman, Intarina =850 ##$$a NBPNMAT